TABUADA DO 7 - Statistics

Estatísticas Gerais
  • Esse quiz foi jogado 335 vezes
    302 desde o último reset
  • A pontuação média é 18 de 21
Estatísticas das Respostas
Hint Resposta % Correto
7X2 14
99%
7X3 21
99%
7X4 28
99%
7X1 7
99%
7X5 35
98%
7X6 42
98%
7X0 0
97%
7X7 49
96%
7X8 56
95%
7X9 63
95%
7X10 70
95%
7X11 77
90%
7X12 84
86%
7X13 91
82%
7X14 98
80%
7X15 105
78%
7X16 112
76%
7X20 140
73%
7X17 119
72%
7X18 126
72%
7X19 133
68%
Nenhum quiz correspondente encontrado
Distribuição das Pontuações
Porcentagem de Pessoas com Cada Pontuação
Percentil de Números Respondidos
Sua Pontuação Histórica
Você não jogou esse quiz desde o último reset